| 000 | 00460nam a2200169Ia 4500 | ||
|---|---|---|---|
| 008 | 190423s9999 xx 000 0 und d | ||
| 100 | _aKeller, Helen | ||
| 245 | _aThree days to see/ | ||
| 245 | _cHelen Keller | ||
| 260 | _bReader's Digest Asia | ||
| 260 | _c2019 | ||
| 300 | _aPages 16-21, January 2019 | ||
| 440 |
_aAsia Reader's Digest: Classic Reads _v115:671 |
||
| 650 | _aBlindness | ||
| 650 | _aDeafness | ||
| 650 | _aKeller, Hellen -- 1880-1968 | ||
| 999 |
_c361484 _d361484 |
||